American Girl Dolls (Historic) - Statistics

General Stats
  • This quiz has been taken 304 times
    285 since last reset
  • The average score is 12 of 18
Answer Stats
Hint Answer % Correct
1934 Kit Kittredge
90%
1944 Molly McIntire
86%
1904 Samantha Parkington
84%
1774 Felicity Merriman
79%
1974 Julie Albright
79%
1864 Addy Walker
78%
1764 Kaya'aton'my
77%
1914 Rebecca Rubin
69%
1854 Kirsten Larson
68%
1824 Josefina Montoya
65%
1812 Caroline Abbott
58%
1944 *Emily Bennet
53%
*1775 *Elizabeth Cole
52%
*1906 *Nellie O'Malley
52%
*1974 *Ivy Ling
51%
*1934 *Ruthie Smithens
49%
1853 Cecile Rey
44%
1853 Marie-Grace Gardner
42%
No matching quizzes found
Score Distribution
Percent of People with Each Score
Percentile by Number Answered
Your Score History
You have not taken this quiz since the last reset